| 000 | 00897cas a22002055a 4500 | ||
|---|---|---|---|
| 001 | L139308 | ||
| 008 | 070725c1937 xxkmr p 0 a0eng u | ||
| 035 | _a(Sirsi) u139308 | ||
| 041 | 0 | _aeng | |
| 110 | 2 |
_aNational Association of Auctioneers, House Agents, Rating Surveyors and Valuers _94989 |
|
| 245 | 0 | 0 | _aJournal of the National Association of Auctioneers, House Agents, Rating Surveyors and Valuers |
| 260 |
_aLondon _bNational Association of Auctioneers, House Agents, Rating Surveyors and Valuers _c1937- |
||
| 362 | 0 | _a1(3) August 1937-n.s. 1(4) October 1944 | |
| 520 | _aIssues for March and April 1939 are labelled vol. 3 in error (should be vol. 2). | ||
| 520 | _aNew series begins in January 1944, with numbering returning to vol. 1 no. 1. Previous issues also labelled 'new series'. | ||
| 554 | _a12 per year | ||
| 651 | 4 |
_aEngland _y886- |
|
| 690 | _aPROPERTY | ||
| 942 | _n0 | ||
| 999 |
_c119082 _d119082 |
||